Advances in virus research (Record no. 243552)

MARC details
000 -LEADER
fixed length control field 00574nam a2200193Ia 4500
008 - FIXED-LENGTH DATA ELEMENTS--GENERAL INFORMATION
fixed length control field 191130s1997##################000#0#eng##
020 ## - INTERNATIONAL STANDARD BOOK NUMBER
ISBN 9780120398492
082 ## - DEWEY DECIMAL CLASSIFICATION NUMBER
Classification number 579.272 MAR
100 ## - MAIN ENTRY--AUTHOR NAME
Personal name Maramorosch, Karl
245 ## - TITLE STATEMENT
Title Advances in virus research
Statement of responsibility, etc Karl Maramorosch, Frederick A.Murphy
260 ## - PUBLICATION, DISTRIBUTION, ETC. (IMPRINT)
Place of publication Amsterdam ; Boston
Name of publisher Amsterdam ; Boston
Year of publication 1997
300 ## - PHYSICAL DESCRIPTION
Number of Pages xvii, 211 p. illus. 24 cm
650 ## - SUBJECT ADDED ENTRY--TOPICAL TERM
Topical Term Virus Research
700 ## - ADDED ENTRY--PERSONAL NAME
Personal name Murphy, Frederick. A
991 ## -
-- 314385
Holdings
Withdrawn status Lost status Damaged status Not for loan Home library Current library Shelving location Date acquired Full call number Accession Number Price effective from Koha item type
        Anna Centenary Library Anna Centenary Library 5TH FLOOR, A WING 13.10.2020 579.272 MAR 291594 13.10.2020 English Books

Find us on the map